000 00551nam a2200157 a 4500
008 120416s1977 ||||||||||||||||| || u
050 _aHB 821 Sch
100 _aSchachter, Oscar
245 1 0 _aSharing the world's resources
260 _aNew York
_bColombia University Press
_c1977
300 _aix, 172p.
350 _a0.00
650 _aRESOURCES
650 _aNATURAL RESOURCES--MANAGEMENT
995 _D0.00
_FCBU-MAIN LIBRARY (Kitwe)
_H1
_I0.00
_M1
_UAVAILABLE
_ZAnnex Low-Usage Collection
999 _c57393
_d57393